000 00837cam a2200289 a 4500
001 13191165
005 20180312053859.0
008 030508s2002 nyua 001 0 eng d
010 _a 2003535420
015 _aGBA2-Z2205
020 _a0072223499
020 _a0072223502 (BK)
020 _a0072223510 (CDROM)
035 _a(OCoLC)ocm48884808
040 _aUKM
_cUKM
_dTXA
_dDLC
041 _aeng
042 _alccopycat
080 _a658.4038 JOS
082 0 0 _a658.4038 JOS
_221
100 1 _a54
101 _aMAN
245 1 0 _aIT project management :
_cJoseph. Phillips.
504 _aIncludes index.
906 _a7
_bcbc
_ccopycat
_d2
_encip
_f20
_gy-gencatlg
942 _2ddc
_cBK
999 _c44692
_d44692